Responses for Show #6065 - Friday, January 14, 2011

Contestants

[<< previous game]

Matt McQueary, a governmental auditor from Cold Spring, Kentucky

John McLean, a software consultant from Pasadena, California

Anthony Fox, an account executive from Arlington Heights, Illinois (whose 1-day cash winnings total $15,800)

[next game >>]

Jeopardy! Round responses

DROP DEAD DIVA
THE BIG "C"
JUS-TIFIED
(Alex: Remember jus is Latin for "law" or "right".)
RESCUE ME
MY BOYS
THEY'RE ON CABLE TV
    $200 6
Mary Todd Lincoln

Triple Stumper
    $200 1
a cross

Anthony
    $200 13
[Anthony gave both listed responses.]

waterways (or rivers)

Anthony
    $200 14
(Anthony: Who is Stowe?)

(Harriet) Tubman

AnthonyMatt
    $200 8
the preacher man

Anthony
    $200 15
Conan O'Brien

Anthony
    $1,400 7
(Anthony: Who is Carmen Miranda?)

Billie Holiday

Anthony
    $400 2
a cup of coffee

Anthony
    $400 19
(Anthony: What is no writing?)

unwritten law

AnthonyJohn
    $400 16
a coal mine

Anthony
    $400 9
Evel Knievel

John
    $400 18
Deadliest Catch

John
    $600 3
a crossword

Anthony
    $600 20
the sword

Matt
    $600 17
Smokey the Bear

Matt
    $600 10
Estée Lauder

John
    $600 25
HGTV

Anthony
    $800 4
cheese

John
    $800 21
international

Anthony
    $800 23
(Anthony: What is Belgium?)
...
(Alex: ...with less than a minute to go.)

Israel

AnthonyJohn
    $800 11
David

John
    $800 26
(Anthony: What is New York?)

New Jersey

AnthonyMatt
    $1000 5
a chuckwagon

Anthony
    $1000 22
birth

Anthony
    $1000 24
(Matt: Who is Magellan?)

Sir Francis Drake

Matt
Triple Stumper
    $1000 12
Diego

John
    $1000 27
[The end-of-round signal sounds.]

A&E

Anthony

Scores at the first commercial break (after clue 15):

Anthony John Matt
$1,200 $3,600 $200

Scores at the end of the Jeopardy! Round:

Anthony John Matt
$3,000 $5,200 $1,200

Double Jeopardy! Round responses

IT'S AN HONOR
SPOUSE IN COMMON TO...
WHAT'S IN AN OLD TESTAMENT NAME?
WINE, WHITE WINE
SHAKESPEARE'S TRAGIC ENDINGS
(Alex: Each correct response will contain a...)
SILENT "L"
    $400 8
Arlington

Anthony
    $400 1
Steven Spielberg

Anthony
    $400 26
Abel

Matt
    $400 9
(Anthony: What is Cabernet?)

Chardonnay

AnthonyJohn
    $400 21
Romeo and Juliet

Anthony
    $400 2
the yolk

Anthony
    $800 10
the Nobel Peace Prize

John
    $800 4
(Alex: And that lovely lady is [*].)

Michelle Pfeiffer

Triple Stumper
    $1,200 27
Abraham

Matt
    $800 12
Chablis

Triple Stumper
    $800 22
Othello

Matt
    $800 3
a psalm

Matt
    $1200 11
Katharine Hepburn

Anthony
    $1200 5
James Cameron

Matt
    $1200 28
Deborah

Triple Stumper
    $1200 13
(Matt: What is pinot noir?)

grigio

JohnMatt
    $1200 23
Hamlet

Matt
    $1200 16
stalk

Triple Stumper
    $1,900 14
Dan Rather

John
    $1600 6
James Brolin

Matt
    $1600 29
Esther

Matt
    $1600 19
sauvignon

Matt
    $1600 24
King Lear

Matt
    $1600 17
qualms

Anthony
    $2000 15
(Lord) Nelson

John
    $2000 7
Patricia Arquette

Matt
    $2000 30
Nimrod

Triple Stumper
    $2000 20
chlorophyll

Anthony
    $2000 25
Richard III

Matt
    $2000 18
(Matt: What is balm?)
...
(Alex: [*]--yes--it has to come from the Sanskrit.)

salve

AnthonyMatt

Scores at the end of the Double Jeopardy! Round:

Anthony John Matt
$11,000 $11,500 $14,000

[wagering suggestions for these scores]

Final Jeopardy! Round responses

THE PRESIDENCY
(Alex: [Revealing Matt's response] Jefferson is correct, but the other one that probably threw you--most people would think "surveyor" for George Washington, but he is listed as farmer also--as planter.)
AnthonyWho are Jefferson & Jackson
$1,000
JohnWho are Jefferson and Carter?
$2,501
MattWho are J. Adams + Jefferson
$9,001
George Washington & Thomas Jefferson

Final scores:

Anthony John Matt
$10,000 $8,999 $4,999
2-day champion: $25,800 2nd place: $2,000 3rd place: $1,000

Game dynamics:

Coryat scores:

Anthony John Matt
$12,400 $11,200 $13,600
20 R,
6 W
(including 1 DD)
13 R
(including 1 DD),
0 W
16 R
(including 1 DD),
3 W

Combined Coryat: $37,200

[game clues] [game scores] [suggest correction]

Game tape date: 2010-09-29
The J! Archive is created by fans, for fans. Scraping, republication, monetization, and malicious use prohibited; this site may use cookies and collect identifying information. See terms. The Jeopardy! game show and all elements thereof, including but not limited to copyright and trademark thereto, are the property of Jeopardy Productions, Inc. and are protected under law. This website is not affiliated with, sponsored by, or operated by Jeopardy Productions, Inc. Join the discussion at JBoard.tv.